000 00918nas a2200301 4500
001 BR0706317
003 BR-BrBNA
005 20231205111248.0
007 ta
008 230509b bl.|||p| |||| 00| 00por d
040 _aBR-BrBNA
_bpor
_cBiblioteca Nacional de Agricultura
041 _a(Pt)
072 _aL73; L70
100 1 _aDe Nardi, A.B.
100 1 _aRodaski, S.
100 1 _aSouza, R.S.
100 1 _aCosta, T.A.
100 1 _aMacedo, T.R.
100 1 _aRodrigheri, S.M.
100 1 _aRios, A.
100 1 _aPiekarz, C.H.
245 1 _aPrevalência de neoplasias e modalidades de tratamento em cães atendidos no hospital veterinário da Universidade Federal do Paraná
650 _aCÃO
650 _aCÂNCER
773 0 _tArchives of Veterinary Science (Brazil)
_xISSN 1517-784X
_g(2002), v. 7(2) p. 15-26
_wBR0706317
909 _a202311
_bLúcia
_c55
_dLúcia Elande
942 _2AGRIS
_n0
_cANA
999 _c191693
_d191693